| 000 | 01381nam a2200325 i 4500 | ||
|---|---|---|---|
| 003 | EG-GICUC | ||
| 005 | 20260425112107.0 | ||
| 008 | 260425s2015 |||fr|||| 001 0 ara d | ||
| 040 |
_a EG-GICUC _bara _c EG-GICUC _d EG-GICUC _erda |
||
| 041 | _aara | ||
| 082 | 0 | 4 |
_a343.307 _bم أ . ق _221 |
| 092 | 0 | 4 | _221 |
| 099 | _aLaw1 10 343.307 م أ . ق 2015 | ||
| 100 | 0 |
_aمأمون محمد سلامة _eمؤلف. |
|
| 245 | 1 | 0 |
_aقانون الإجراءات الجنائية معلقا عليه بالفقه وأحكام النقض طبقا لأحدث التعديلات والأحكام. _nالجزء الأول / _cالدكتور مأمون محمد سلامة. |
| 250 | _aالطبعة الرابعة | ||
| 264 | 1 |
_a[مكان النشر غير محدد] : _bسلامة، _c2015. |
|
| 300 |
_a640 ؛صفحة _c24 سم. _bإيضاحيات، صور، مثيليات ؛ |
||
| 336 |
_2rda content _atext |
||
| 337 |
_2rda media _aComputer |
||
| 338 |
_2rda carrier _aOnline Resource |
||
| 504 | _a. 240-220 ببليوجرافيا: صفحات. | ||
| 546 | _aالنص باللغة العربية | ||
| 650 | 1 |
_aقانون الإجراءات الجنائية _xأحكام النقض _2qrmak |
|
| 650 | 1 |
_aالقانون الجنائي _2qrmak |
|
| 651 | 1 | _2qrmak | |
| 856 | 4 | 0 | _uhttps://fll.law.cu.edu.eg/fulltext/bks/B10-10747.pdf |
| 905 | _a54 | ||
| 942 |
_2ddc _cBK _e21 _n0 |
||
| 999 |
_c73303 _d73303 |
||